| 000 | 00362nam a2200145Ia 4500 | ||
|---|---|---|---|
| 008 | 231217s9999 xx 000 0 und d | ||
| 041 | _aEnglish | ||
| 082 | _a001.642 ICH;2 `R' | ||
| 100 | _aIchbiah, Daniel Knepper, Susan L | ||
| 245 | 4 | _aThe making of microsoft | |
| 260 |
_c1992 _bNew Delhi : BPB, |
||
| 300 | _a304 | ||
| 650 | _aMicrosoft | ||
| 942 | _cAA | ||
| 999 |
_c162823 _d162823 |
||